• 首页
  • 本馆介绍
  • 公告通知
  • 最新文献
  • 馆藏检索
  • 电子资源
  • 读者导购
  • 参考咨询
  • 我的图书馆
  • 登录
  • 详细信息显示
  • 放入我的书架
  • 预约/预借图书
  • 作者相关作品
  • 分类相关作品
  • 丛书相关作品
  • 出版社相关作品

书目信息

  • 表格格式
  • 工作单格式
  • 卡片格式
题名:
〓的系统分类原则
    
 
作者: 周祖仁 , 盛金章 著
分册:  
出版信息: 北京   科学出版社  1994.4
页数: 70页
开本: 26cm
丛书名:
单 册:
中图分类: Q915.81
科图分类:
主题词: 二叠纪-纺锤筵科--研究 , 纺锤筵科-二叠纪--研究
电子资源:
ISBN: 7-03-003851-7
000 01092nam0 2200289 45
001 0194034515
005 20070727170202.46
010    @a7-03-003851-7@dCNY7.50
100    @a19940726d1994 kemy0chiy0121 ea
101 0  @achi
102    @aCN@b110000
105    @ay z 001yy
200 10 @a〓的系统分类原则@ATING DE XI TONG FEN LEI YUAN ZE@e二叠纪史塔夫〓类的再研究@EER DIE JI SHI TA FU TING LEI DE ZAI YAN JIU@f周祖仁,盛金章著@FZHOU ZU REN , SHENG JIN ZHANG ZHU
210    @a北京@c科学出版社@d1994.4
215    @a70页@c图版@d26cm
300    @a中国科学院科学出版基金资助出版
300    @a英文题名:Taxonomic principles of fusulinids
330    @a本书结合评介形态特征分类理论的若干基本原则,重新认识了史塔夫〓类的系统分类。
510 1  @aTaxonomic principles of fusulinids@zeng
540 1  @a二叠纪 史塔夫〓类@AER DIE JI SHI TA FU TING LEI
606    @a二叠纪-纺锤筵科@x研究
606    @a纺锤筵科-二叠纪@x研究
690    @aQ915.81@v三版
701  0 @a周祖仁@AZHOU ZU REN@4著
701  0 @a盛金章@ASHENG JIN ZHANG@4著
801  0 @aCN@bTSSF@c20070727
905    @a10447@dQ915.81@e23
    
    〓的系统分类原则:二叠纪史塔夫〓类的再研究/周祖仁,盛金章著.-北京:科学出版社,1994.4
    70页:图版;26cm
    中国科学院科学出版基金资助出版.-英文题名:Taxonomic principles of fusulinids
    
    ISBN 7-03-003851-7:CNY7.50
    本书结合评介形态特征分类理论的若干基本原则,重新认识了史塔夫〓类的系统分类。
●
相关链接 在E读中查询图书 在五车中查询图书 在当当中查询图书 在豆瓣中查询图书


正题名:〓的系统分类原则     索取号:Q915.81/23         预约/预借

序号 登录号 条形码 馆藏地/架位号 状态 备注
1 0784373   207843734   第二样本阅览室/ [索取号:Q915.81/23] 在馆    
唐山师范学院图书馆 欢迎您!
大连网信软件有限公司© 版权所有